000 00848nam a2200253Ia 4500
003 OSt
005 20221005103715.0
006 a|||||r|||| 00| 0
007 ta
008 221004b |||||||| |||| 00| 0 hin d
024 _a32096
037 _cTextual
040 _aCRL
_cCRL
_bhin
041 _2hin
_ahin
082 _aO152,2M89,4:g, L6
100 _aगुप्त, रमेशचन्द्र
245 0 _aध्रुवस्वामिनी समीक्षा
246 _aDhruvaswāminī samīkṣhā
260 _aदिल्ली
_bअशोक प्रकाशन भारत
_c1976
300 _a220पृ.
_ccm.
650 _aहिन्दी नाटक
942 _hO152,2M89,4:g, L6
_cTEXL
_2cc
999 _c1010695
_d1010695